000 nam a22 7a 4500
999 _c15407
_d15407
008 161101b xxu||||| |||| 00| 0 eng d
020 _a0201441330
050 _aHB 172.5 .A24 2001
100 _aAbel, Andrew B.
245 _aMacroeconomics/
_cAndrew B. Abel and Ben S. Bernanke
250 _a4th ed.
260 _aBoston:
_bAddison Wesley,
_c2001
300 _axxvi, 630p. :
_bill. ;
_c26cm
500 _aIncludes index.
650 _aMacroeconomics.
650 _aUnited States.
_xEcononomic conditions.
700 _aBernanke, Ben S.
942 _2lcc
_cBOOKS
_hHB 172.5 .A24 2001